Vestník Oblastného riaditeľstva československých železníc

Bibliographic Details
New Title:Zprávy oblastného riaditeľstva čs. železníc, národného podniku v Bratislave
Previous Title:Úradný list
Corporate Authors: Československé dráhy, n.p. Oblastné dráhy Bratislava (Publisher), Grafické a vydavateľské podniky Pravda (Bratislava) prevádzka Komárno (tlač.), Západoslovenské tlačiarne, n.p. (Bratislava) závod Komárno (tlač.)
Other Authors: Majer, Ján (Publishing director)
Format: Journal
Language:Slovak
PhysicalDescription:2 roč. 30 x 21 cm
Published: Bratislava Oblastné riaditeľstvo československých železníc v Bratislave 1949-1950
Subjects:

MARC

LEADER 00000nas a22000001a 4500
001 vtls010302493
003 SK-MaSNL
005 20260228162850.0
008 110810d19491950xo wr p r 0 b0slo
015 |a SNBDS17XX9999 
015 |a 1790  |2 Balúnová 1945-60 
038 |a SNKBUDS 
040 |a SNK  |b slo  |c SNK  |e AACR2 
041 0 |a slo 
044 |a xo  |c SK 
080 |a 351.812.5  |2 2001 
080 |a 055  |2 2001 
245 0 0 |a Vestník Oblastného riaditeľstva československých železníc 
260 |a Bratislava  |b Oblastné riaditeľstvo československých železníc v Bratislave  |c 1949-1950 
300 |a 2 roč.  |c 30 x 21 cm 
310 |a 1x týždenne 
362 0 |a Roč. I, č. 1 (júl 1949)-roč. II, č. 28 (25.11.1950) 
500 |a Vych. v Bratislave týždenne 
500 |a Zodp. zást. Ján Majer. Red. Ján Žitník 
500 |a Vyd. Oblastné riaditeľstvo Čs. železníc v Bratislave 
500 |a Tlač. „Pravda”, grafické a vyd. podniky, n. p., závod Komárno, od 4/1950 (28. jan.) Západoslov. tlačiarne, n. p., záv. Komárno 
500 |a Vych. od júla 1949. Posl. číslo 28/1950 je z 25. nov. 1950 
505 8 0 |g Roč. I. 1949 14 č. 294 s. 
505 8 0 |g Roč. II. 1950 25 č. 294 s. 
580 |a Nadviazal na Úradný list. Pokračoval ako Zprávy oblastného riaditeľstva čs. železníc, národného podniku v Bratislave. Číslovanie a paginácia súvisle s Vestníkom 
650 0 7 |a vestníky  |2 SNKPH  |9 267726 
650 0 7 |a železnice  |2 SNKPH  |9 20511 
700 1 |a Majer, Ján  |4 pbd  |9 9933 
700 1 |a Žitník, Ján  |4 red  |9 272348 
710 2 |a Československé dráhy, n.p.  |b Oblastné dráhy Bratislava  |e vydav.  |9 272349 
710 2 |a Grafické a vydavateľské podniky Pravda (Bratislava)  |b prevádzka Komárno  |e tlač.  |9 272306 
710 2 |a Západoslovenské tlačiarne, n.p. (Bratislava)  |b závod Komárno  |e tlač.  |9 271690 
780 0 0 |t Úradný list 
785 0 0 |t Zprávy oblastného riaditeľstva čs. železníc, národného podniku v Bratislave 
852 |a SNK  |b 10000  |h ČSB 1181 
852 |a UKB  |b 300000  |h SC 1843 
852 |a SVKKK  |b 900000  |h C 30 
999 |c 8468  |d 10398